Flags with gray - Statistics

General Stats
  • This quiz has been taken 51 times
    43 since last reset
  • The average score is 8 of 9
Answer Stats
Picture Answer % Correct
Malta
94%
Vatican City
94%
Spain
92%
Ecuador
86%
Serbia
83%
Dominican Republic
81%
Belize
75%
El Salvador
75%
Guatemala
69%
No matching quizzes found
Score Distribution
Percent of People with Each Score
Percentile by Number Answered
Your Score History
You have not taken this quiz since the last reset